000 00500cam a22001577a 4500
008 180718b1976 xxu||||| |||| 00| 0 eng d
082 _aA6x54 Se55
245 _aNorth and the South in Indian history contact and adjustment
_cedited by S.P. Sen
260 _aCalcutta
_bInstitute of Historical Studies
_c1976
300 _a226p.
650 _aHistory, Modern - India
650 _aHistory, Medieval - India
650 _aHistory, Ancient - India
650 _aIndia - History
700 _aSen, S.P.
999 _c351331
_d351331